| 000 | 00612nam a2200157 4500 | ||
|---|---|---|---|
| 999 |
_c80530 _d80530 |
||
| 008 | 210108b ||||| |||| 00| 0 eng d | ||
| 040 |
_aSTAFF _bger _cSTAFF _erda |
||
| 041 | _ager | ||
| 100 | _aGersmeier, Olaf | ||
| 245 |
_aIntegriertes Stadtentwicklungskonzept INSEK 2020-2030/ _cOlaf Gersmeier |
||
| 773 |
_dFrankfurt (Oder): Stadt Frankfurt (Oder) und Büro für Stadtplanung, -forschung und -erneuerung _g(2020), Nr. 28, Dezember, S. 3 _tZentrum: Zeitschrift für das Sanierungsgebiet ehemalige Altstadt Frankfurt (Oder) |
||
| 942 | _cA | ||